000 00804nam a2200229 a 4500
001 56589
003 BD-RjUL
005 20211209080419.0
008 161201s1997 ir b 001 0 eng
035 _a(BD-RjUL)56713
040 _aDLC
_cDLC
_beng
_dBD-RjUL
041 1 _aeng
_hper
082 _223
_a297.5
_bMUC 1997
100 1 _aMusawi Lar, Mujtaba
_9168317
245 1 0 _aEthics and spiritual growth /
_cSayyid Mujtabā Mūsawī Lārī ; translated by Alī Qulī Qarā ̕ī.
250 _a1st ed.
260 _aQum, Iran :
_bFoundation of Islamic Cultural Propagation in the World,
_c1997.
300 _a438 p. ;
_c22 cm.
500 _aSummary of this book was published in the journal Maktab-e Islām.
504 _aIncludes bibliographical references (p. 425-430) and indexes.
942 _2ddc
_cBK
999 _c56589
_d56589